000
00204 a2200097 4500
001
3845
100
_a
Timoshenko, D
245
_a
Engineering mechanics
260
_a
_b
Mcgrawhill
_c
090
_c
3076
_d
3076
942
_a
NUST-CAE
_c
M
_c
23069
999
_c
238918
_d
238918